00806nam a22001815i 4500001000700000003000900007005001700016008004100033100003000074245019800104260006300302300002100365490004100386650001700427710004300444830004100487852009600528161983ES-MaACL20230906212410.0041025q1889 sp |||| | spa d1 aPeset y Cervera, Vicente.10aPasado, presente y porvenir de las farmacopeas : bdiscurso leído en la sesión inaugural de la Academia de Medicina de Valencia el día 27 de enero de 1889 / cpor Vicente Peset y Cervera. aMadrid : bAdministración Magdalena, núm. 13, c[1889] a51 p. ; c16 cm.1 aBiblioteca de la medicina práctica 4aFarmacopeas.2 aReal Academia de Medicina de Valencia.1 aBiblioteca de la medicina práctica aES-MaACLjT-606-F-5 z- Enc. hol., conservando cub. originalz- Enc. en un vol. facticio